000 00450nab a2200145Ia 4500
003 ES-SlBCS
005 20210601125302.0
008 140529s1997 xxu||||| |||| 00| 0 eng d
041 _aeng
100 1 _aCohon, Rachel
_9150639
245 0 4 _aThe Common Point of View in Hume's Ethics
_c Rachel Cohon
600 1 _aHume, David-Ética
_9156319
773 0 _tPhilosophy and Phenomenological Research
_gvol. 57, 1997, págs. 827-850
_wRev1411
942 _cAR
999 _c527840
_d527840